000 00374 a2200145 4500
005 20250613085123.0
020 _a0-13-143092-2
082 _a512.9SUL
100 _aSULLIVAN. M.
245 _aCollege Algebra.
250 _a7th Ed.
260 _aNew York,
_bSULLIVAN. M,
_c2005.
300 _axix, 723p, ill, table, figure,picture
_bAppendix & Index
_c26cm
942 _2ddc
_cBKS
999 _c3952
_d3952